000
00275nam a22000977a 4500
082
_a
635 BEG'I
245
_a
BEGINNER'S GARDENING FLOWER'S ARROUND THE WORLD WITH SALT RESISTANT PLANTS
260
_a
PAKISTAN
_b
AGRICULTURE DEVELOPEMENT
_c
1986
300
_a
VOL-3
_b
9
942
_c
BK
999
_c
579677
_d
579677